Теория обратимых электродных процессов на стационарном плёночном электроде при любом постояном потенцеале; Сборник научных трудов; Вып. 26

Bibliographic Details
Parent link:Сборник научных трудов/ Хабаровский политехнический институт.— , 1971
Вып. 26.— 1971.— С. 231-236
Main Author: Назаров Б. Ф.
Other Authors: Стромберг А. Г. Армин Генрихович, Немов В. А.
Summary:В фонде НТБ ТПУ отсутствует
Language:Russian
Published: 1971
Subjects:
Format: Book Chapter
KOHA link:https://koha.lib.tpu.ru/cgi-bin/koha/opac-detail.pl?biblionumber=596316

MARC

LEADER 00000naa0a2200000 4500
001 596316
005 20250402114339.0
035 |a (RuTPU)RU\TPU\tpu\18771 
090 |a 596316 
100 |a 20101216d1971 k y0rusy50 ca 
101 0 |a rus 
102 |a RU 
200 1 |a Теория обратимых электродных процессов на стационарном плёночном электроде при любом постояном потенцеале  |f Б. Ф. Назаров, А. Г. Стромберг, В. А. Немов 
333 |a В фонде НТБ ТПУ отсутствует 
461 |t Сборник научных трудов  |f Хабаровский политехнический институт  |d 1971 
463 |t Вып. 26  |v С. 231-236  |d 1971 
610 1 |a труды учёных ТПУ 
700 1 |a Назаров  |b Б. Ф. 
701 1 |a Стромберг  |b А. Г.  |c химик, специалист в области классической полярографии и инверсионной вольтамперометрии  |c профессор Томского политехнического института  |f 1910-2004  |g Армин Генрихович  |3 (RuTPU)RU\TPU\pers\11188  |9 2478 
701 1 |a Немов  |b В. А. 
801 1 |a RU  |b 63413507  |c 20101216 
942 |c CR